Quizzes
Events
Quiz Creation
Community
Videos
Private Events
Remove Ads
Sign In
Join for FREE
Feedback
Dark Mode
Quiz Categories
Sports
Geography
Music
Movies
Television
Just For Fun
Miscellaneous
History
Literature
Language
Science
Gaming
Entertainment
Religion
Holiday
For Kids
Quiz Lab
Recent
Popular Today
Quiz Kudos Today
Editor Picks
Curator Picks
Quizzes by...
Day
Popularity
Type
Ratings
Length
Year
Community
Subscriptions
Recent Discussions
Orange Saloon
Badges
Playlists
Quests
Create
Leaderboards
Showdown
Live 5
Trivia Bingo
Activity
Puzzle Library
Sporcle Events
Private Events
Virtual Trivia
Globe League
Become a Host
Pub Owners
SporcleCon
Opinionation
Our Games
Videos
Blog
Mobile Apps
Partnerships
Remove Ads and Go Orange
Feedback
Gaming
Video Games
Board Games
Card Games
Pokémon
Mario
Nintendo
Minecraft
Console
Toys
Legend of Zelda
Gaming
Video Games
Board Games
Card Games
Pokémon
Mario
Nintendo
Minecraft
Console
Toys
Legend of Zelda
Random Quiz
Search Sporcle
×
Editor Pick
Editor Pick
Gaming
Video Games
Type in answers that appear in a list
Type in answers that appear in a list
Classic
Best Score? Go Orange.
Video Game Villains by Subordinates Stats
Can you name the Video Game Villains by their subordinates, henchmen, and goons?
By
monji
5m
20 Questions
7,194 Plays
7,194 Plays
7,194 Plays
Comments
Comments
Give Quiz Kudos
Give Quiz Kudos
-
- Ratings
hide this ad
Forced Order
Answers have to be entered in order
Answers have to be entered in order
Replay
Link that replays current quiz
Next Quiz
Link to next quiz in quiz playlist
You Got
0%
They Got
Avg Score
44%
Avg Friend Score
Upgrade to see
Score Distribution
Jump to the score distribution portion of the page
Score
0/20
Timer
05:00
0
Plays Today
Underlings
Villain
% Correct
Koopa Kids, Kamek, Bullet Bill
Bowser
85.9%
Orbot, Metal Sonic, Badniks
Dr. Robotnik
76.1%
Metaknight, Waddle Dee, Bronto Burt
King Dedede
69.8%
James, Meowth, Jessie
Giovanni
62.4%
Sagat, Vega, Juli
M. Bison
57.8%
Bass, Metal Man, Dark Man
Dr. Wily
57.4%
Zant, Twinrova, Gohma
Ganondorf
55.7%
Ridley, Kraid, Draygon
Mother Brain
52.2%
Revolver Ocelot, Sniper Wolf, Psycho Mantis
Liquid Snake
51.9%
ATLAS, P-
Body, Sentry Turret
GLaDOS
48.7%
Underlings
Villain
% Correct
Andrew Oikonny, Wolf O'Donnell, General Scales
Andross
46.8%
Klaptraps, Klobber, Kudgel
King K. Rool
42.3%
Ada Wong, Jack Krauser, Excella Gionne
Albert Wesker
40.7%
Tiny Tiger, Dingodile, Doctor N. Gin
Neo Cortex
35.4%
Pokey Minch, Geldegarde Monotoli, Starmen
Giygas
26%
Xigbar, Xaldin, Saix
Xemnas
24.8%
Lich, Marilith, Tiamat, Kraken
Garland/Chaos
17.9%
Sander Cohen, J.S. Steinman, Carlson Fiddle
Andrew Ryan
17.8%
Lawrence, Courtney Gears, Klunk
Dr. Nefarious
10.2%
Jacques, Metalhead, Dr. Shemp
Gnasty Gnorc
6.6%
Quiz Playlist
Details
Report
Send in Message
Add To Playlist
Classic:
Type in answers that appear in a list
Forced Order:
Answers have to be entered in order
Last Updated: Feb 16, 2017
Editor Pick in
Gaming
Quiz Scoreboard
CHALLENGE
Sign Up to Join the Scoreboard
Show All
Scores
Hide
Comments
May contain spoilers
Recently Published
An Introduction to Baseball
by treessimontrees
Sports
5m
Movies - When Are They Set?
by FPL_Elf
Movies
5m
Popular People in 1961
by mucciniale
History
6m
More to Explore
Quiz From the Vault
Featured Blog Post
Where Did the Easter Bunny Come From?
hide this ad
You Might Also Like...
Tags
Video Games Quiz
henchmen
minion
Villains
Today's Top Quizzes in Gaming
Browse Gaming
hide this ad
Today's Top Quizzes in Video Games
Browse Video Games
Top Contributed Quizzes in Gaming
1
Destiny 2 exotic weapons by perk icons
2
5-to-1: Consoles
3
Ultimate Genshin Impact Logic Puzzle (up to 4.3)
4
7-to-1: Board Game Piece Blitz
5
5-to-1: Legend of Zelda
6
Franchise by Action Figure
7
Who's on the WWE 2K24 Cover?
8
Windmill: Pokémon
9
Genshin Impact Logic Puzzle Quiz
10
Legendary or Exotic?
Explore More
Trending Topics
Harry Potter
Anime
NBA
Marvel
Crossword
Kpop
Disney
The Office
WWE
Puzzle
Song
Country
Soccer
NFL
Pokémon
hide this ad
More By:
monji
Quiz
Plays
Rating
Category
Featured
Created
Profile: Mario
125,448
4.50
Gaming
Dec 8, 2010
Pokémon: Name the Generations
123,138
4.26
Gaming
May 15, 2011
How I Met Your Mother Characters by Image
102,350
4.19
Television
Dec 24, 2010
Old or New Testament
80,665
4.13
Religion
Jul 6, 2011
The Power Quiz
78,432
4.10
Miscellaneous
Feb 12, 2011
Go to Creator's Profile
Score Distribution
Quiz Creator Spotlight
monji
Follow
Send a Message
Quizzes Created
-
Created Quiz Play Count
-
More By This Creator
Popular Quizzes Today
1
Find the Countries of Europe - No Outlines Minefield
2
Find the US States - No Outlines Minefield
3
The Countries of the World
4
Popular People in 1961
5
US States
6
Find the US States
7
1-10 Letter E Words III
8
Risky Map Clicking: Biggest States A-Z
More Gaming Quizzes
Dead Dads of Fire Emblem
Quiz Lab
Trending Quizzes
Risky Map Clicking: Least Populous States A-Z
1-10 Letter F Words
1-10 Letter G Words
One Thing in Common: United Kingdom
Risky Map Clicking: Next State Alphabetically
Recently Updated
Leaping Animals
pecheneg
Reality TV Shows (A-Z)
bhenderson79
Rickey Henderson's Hall of Fame Teammates
pecheneg
Champions League XIs: Arsenal
pecheneg
Quick Pick: Celebrities in WWE's Hall of Fame
aduchscher
A-Z Keypad Blitz II
pecheneg
Multiple Oscar Actors
pecheneg
Mystery Phrase Blitz: Oscar 'Best Actors'
pecheneg
F. Scott Fitzgerald Novels
LTH
Pick 3 Villains
ddd62291
Trending Topics
Anime
Disney
NBA
Kpop
Harry Potter
Marvel
Crossword
Pokémon
Song
WWE
Soccer
Puzzle
The Office
NFL
Country
Your Account Isn't Verified!
In order to create a playlist on Sporcle, you need to verify the email address you used during registration. Go to your
Sporcle Settings
to finish the process.
Report this User
Report this user for behavior that violates our
Community Guidelines
.
Details:
Send Report
Go to the Sporcle.com Mobile Site →
Comments